Anuario Estadístico 2000

Guardado en:
Bibliografiske detaljer
Institution som forfatter: Caja Costarricense de Seguro Social. Presidencia Ejecutiva. Dirección Actuarial y de Planificación Económica. Departamento de Estadística
Format: Texto
Udgivet: San José: CCSS
Tags: Tilføj Tag
Ingen Tags, Vær først til at tagge denne postø!

MARC

LEADER 00000 a a2200000 04500
001 29289
003
040
090 |a 191600  
110 |a Caja Costarricense de Seguro Social. Presidencia Ejecutiva. Dirección Actuarial y de Planificación Económica. Departamento de Estadística  
245 |a Anuario Estadístico 2000  
260 |a San José:   |b CCSS  
300 |a 201 p  
999 |c 12847  |d 12847